000 00337nam a2200133Ia 4500
003 GCL
008 140319s9999 xx 000 0 ara d
040 _aGCL /
_cGCL
082 0 4 _a658.913321
_bم ا
245 1 0 _aادارة البنوك
260 _a[S.N] :
_bمؤسسة شباب الجامعة ،
_c1989
300 _a481 ص
490 _a
999 _c59189
_d59189